| 000 | 00655nam a2200217 a 4500 | ||
|---|---|---|---|
| 005 | 20140310183245.0 | ||
| 008 | 040827s19uu xx 00 eng d | ||
| 020 | _a0072875615 | ||
| 050 |
_aHB 172 _b.M3925 2005 |
||
| 100 | _aMcConnell, Campbell R. | ||
| 245 |
_aMicroeconomics : _bprinciples,problems, and policies / _cCampbell R. McConnell |
||
| 250 | _a16th ed. | ||
| 260 |
_aU.S.A : _bMcGraw-Hill Companies, _c2005. |
||
| 300 |
_a1-19, 488 p. : _bcol. ill. ; _c25 cm. |
||
| 500 | _aIncludes bibliography and index w/CD. | ||
| 521 | _aBSBA | ||
| 650 | _aMicroeconomics. | ||
| 700 | _aBrue, Stanley L. | ||
| 942 |
_cBK _2lcc _kFOR |
||
| 999 |
_c20673 _d20673 |
||